000
00234nam a22001097a 4500
082
_a
080/BYR
100
_a
Byrne,Rhonda
_9
83676
245
_a
Countdown To Riches
260
_a
Ireland
_b
Thorsons
_c
2025
650
_a
General
942
_c
BK
999
_c
68623
_d
68623